Essays of U Ve Sa: (Record no. 186876)

MARC details
000 -LEADER
fixed length control field 00687nam a22001937a 4500
005 - DATE AND TIME OF LATEST TRANSACTION
control field 20220322113757.0
010 ## - LCCN (DPL NO)
LC control number ENG-132065
020 ## - INTERNATIONAL STANDARD BOOK NUMBER
International Standard Book Number 9789391125547
Terms of availability 445.00
035 ## - SYSTEM CONTROL NUMBER
System control number EN-115597
037 ## - SOURCE OF ACQUISITION
Source of stock number/acquisition DBAD
082 ## - DEWEY DECIMAL CLASSIFICATION NUMBER
Classification number 880
245 ## - TITLE STATEMENT
Title Essays of U Ve Sa:
Remainder of title The Man Who received Ancient Tamil LIterature/
Statement of responsibility, etc Translated from Tamil by Prabha Sridevan and Pradeep Chakravarthy
260 ## - PUBLICATION, DISTRIBUTION, ETC. (IMPRINT)
Place of publication, distribution, etc New Delhi
Name of publisher, distributor, etc Niyogi Books
Date of publication, distribution, etc 2022
270 ## - ADDRESS
Address Block D, Building No. 77, Okhla Industrial Area, Phase-I
City New Delhi
Postal code 110020
Electronic mail address niyogibooks@gmail.com
300 ## - PHYSICAL DESCRIPTION
Extent 240p
Dimensions 21cm(pbk)
700 ## - ADDED ENTRY--PERSONAL NAME
Personal name Sridevan, Prabha
700 ## - ADDED ENTRY--PERSONAL NAME
Personal name Chakravarthy, Pradeep
942 ## - ADDED ENTRY ELEMENTS (KOHA)
Source of classification or shelving scheme Dewey Decimal Classification
Item type English Books
Classification part 880
Call number suffix ESS
Holdings
Withdrawn status Lost status Not for loan Collection code Home library Current library Date acquired Source of acquisition Cost, normal purchase price Full call number Barcode Copy number Cost, replacement price Koha item type
      Non-fiction Patel Nagar Patel Nagar 22/03/2022 DBAD/PUB 445.00 880 ESS EN-115597 1 445.00 English Books

© Delhi Public Library
Hit Counter
free hit counter